书目信息 |
| 题名: |
农药废水处理
|
|
| 作者: | ;沈阳化工研究院环保室 | |
| 分册: | ||
| 出版信息: | 北京 化学工业出版者 2000 |
|
| 页数: | 325 | |
| 开本: | 20cm | |
| 丛书名: | 实用水处理技术丛书 | |
| 单 册: | ||
| 中图分类: | X786 | |
| 科图分类: | ||
| 主题词: | 化学工业废物--废物处理 , 化学工业废物--废物综合利用 , 化学工业废物 , 化学废物 , 化学废物--废物处理 , 化学废物--废物综合利用 | |
| 电子资源: | ||
| ISBN: | 7-5025-2824-5 | |
| 000 | 00847nam0 2200265 450 | |
| 001 | 0741144344 | |
| 005 | 20070817112544.34 | |
| 010 | @a7-5025-2824-5@d¥25.00 | |
| 100 | @a20070817d km y0chiy0120 ea | |
| 101 | 0 | @achi |
| 200 | 1 | @a农药废水处理@Anong yao fei shui chu li@f沈阳化工研究院环保室@Fshen yang hua gong yan jiu yuan huan bao shi |
| 210 | @a北京@c化学工业出版者@d2000 | |
| 215 | @a325@d20cm | |
| 225 | 2 | @a实用水处理技术丛书 |
| 410 | 0 | @12001 @a实用水处理技术丛书 |
| 606 | 0 | @a化学工业废物@x废物处理 |
| 606 | 0 | @a化学工业废物@x废物综合利用 |
| 606 | 0 | @a化学工业废物 |
| 606 | 0 | @a化学废物 |
| 606 | 0 | @a化学废物@x废物处理 |
| 606 | 0 | @a化学废物@x废物综合利用 |
| 690 | @aX786@v3 | |
| 711 | 02 | @a沈阳化工研究院环保室@Ashen yang hua gong yan jiu yuan huan bao shi |
| 801 | 0 | @aCN@bPFT@c20070817 |
| 905 | @a213230@dX786@en1@f1 | |
| 农药废水处理/沈阳化工研究院环保室.-北京:化学工业出版者,2000 |
| 325;20cm.-(实用水处理技术丛书) |
| ISBN 7-5025-2824-5:¥25.00 |
| ● |
| 相关链接 |
|
|
|
|
正题名:农药废水处理
索取号:X786/n1
 
预约/预借
| 序号 | 登录号 | 条形码 | 馆藏地/架位号 | 状态 | 备注 |
| 1 | 6600824 | 266008241 | 密集书库-生命科学系/ [索取号:X786/n1] | 在馆 |